| 000 | 00000nam##2200000za#4500 |
| 001 | 9.580465 |
| 003 | CaOODSP |
| 005 | 20210624191042 |
| 007 | cr ||||||||||| |
| 008 | 150406|1980||||xxc|||||o f|0| 0 eng|d |
| 040 | |aCaOODSP|beng |
| 043 | |an-cn--- |
| 086 | 1 |aFs97-14/121-1981E-PDF |
| 110 | 1 |aCanada. |bDepartment of Fisheries and Oceans. |
| 245 | 10|aTuna fishing prospects for Canadian west coast fishermen / |h[electronic resource]|cby K.S. Ketchen. |
| 260 | |aNanaimo - British Columbia : |bFisheries and Oceans Canada |c1980. |
| 300 | |a43p.|bfigs., references |
| 490 | 1 |aCanadian industry report of fisheries and aquatic sciences|vNo. 121 |
| 500 | |aFile reproduced from original print. On t. p.: Pacific Biological Station, Nanaimo, British Columbia. The catalogue number and ISSN for the print edition appear in the PDF version. |
| 546 | |a(Résumé en français.) |
| 590 | |a14-15-Supp|b2014-09-04 |
| 720 | 1 |aKetchen, K. S. |
| 830 | #0|aCanadian industry report of fisheries and aquatic sciences ;|vNo. 121|w(CaOODSP)9.505199 |
| 856 | 40|ahttp://publications.gc.ca|qPDF|s603 KB|uhttps://publications.gc.ca/collections/collection_2014/mpo-dfo/Fs97-14-121-1981-eng.pdf|yNo. 121 |